Coaches With Most Final Four Appearances Quiz Stats

 Plays Quiz Updated Mar 31, 2019

Score 0/20 Timer 07:00
0 Plays Today
Number Coach % Correct
9Roy Williams
85.2%
12John Wooden
85%
12Mike Krzyzewski
85%
5Bob Knight
83.6%
11Dean Smith
80%
4John Calipari
69.8%
5Rick Pitino
64.2%
8Tom Izzo
61%
5Jim Boeheim
58.6%
6Adolph Rupp
55.1%
Number Coach % Correct
4Jim Calhoun
43.3%
4Billy Donovan
42.1%
5Lute Olson
29.1%
4Jerry Tarkanian
27.7%
6Denny Crum
25.6%
4Henry Iba
18.3%
4Harold Olsen
17.5%
5Guy Lewis
12.8%
4Fred Taylor
5.8%
4Jack Gardner
2%

You're not logged in!

Compare scores with friends on all Sporcle quizzes.
OR
Log In

Sporcle TV

Today on Sporcle TV


Watch our educational content, quiz creation guides, and fun videos on Sporcle TV.

Show Comments

Extras

Top Quizzes Today


Score Distribution

Your Account Isn't Verified!

In order to create a playlist on Sporcle, you need to verify the email address you used during registration. Go to your Sporcle Settings to finish the process.

Report this User

Report this user for behavior that violates our Community Guidelines.

Details: